| Поле | Инд. | ПП | Название | Значение |
|---|---|---|---|---|
| Тип записи | a | |||
| Библиографический уровень | b | |||
| 001 | Контрольный номер | 846cc233db33414689df03772cd55b15 | ||
| 005 | Дата корректировки | 20260216094319.5 | ||
| 024 | 80 | a | Стандартный номер | 10.22323/1.501.0205 |
| 040 | a | Служба первич. каталог. | Scopus | |
| b | Код языка каталог. | rus | ||
| 041 | 0_ | a | Код языка текста | rus |
| 097 | a | Костяева О.Г. | ||
| 100 | 1_ | a | Автор | Budnev N. M. |
| 100 | 1_ | a | Автор | Astapov I. I. |
| 100 | 1_ | a | Автор | Bezyazeekov P. A. |
| 100 | 1_ | a | Автор | Bonvech E. A. |
| 100 | 1_ | a | Автор | Grebenyuk V. M. |
| c | Титул (звания) | ; кандидат технических наук; доцент (должность); | ||
| i | 000089026 | |||
| k | Кафедра проектирования электроники для установок "мегасайенс"; Инженерно-физический институт | |||
| q | Полное имя | Гребенюк Виктор Матвеевич | ||
| u | Дополнение | Гребенюк В. М. | ||
| g | Прочие сведения | РИНЦ AuthorID: 29718 (https://elibrary.ru/author_profile.asp?id=29718); Scopus Author ID: 7005773032 (https://www.scopus.com/authid/detail.uri?authorId=7005773032) | ||
| j | Принадлежность неизвестного автора к последователям, ученикам, сторонникам, школе и т. д. | государственный университет "Дубна" | ||
| 100 | 1_ | a | Автор | Tkachev L. G. |
| c | Титул (звания) | старший научный сотрудник; кандидат физико-математических наук; доцент (должность); | ||
| i | 000091260 | |||
| g | Прочие сведения | РИНЦ AuthorID: 34976 (http://elibrary.ru/author_profile.asp?id= 34976); Scopus Author ID: 8333006800 (https://www.scopus.com/authid/detail.uri?authorId=8333006800) | ||
| j | Принадлежность неизвестного автора к последователям, ученикам, сторонникам, школе и т. д. | государственный университет "Дубна" | ||
| k | Кафедра ядерной физики; Инженерно-физический институт | |||
| q | Полное имя | Ткачев Леонид Григорьевич | ||
| u | Дополнение | Ткачев Л. Г.; Tkachev Leonid G. | ||
| 245 | 10 | a | Заглавие | Energy spectrum of primary cosmic rays according to the data of the Tunka-Grande scintillation array |
| 773 | 18 | t | Название источника | Proceedings of Science |
| b | Сведения об издании | Sissa Medialab Srl | ||
| c | Italy | |||
| d | Место и дата издания | 2025 | ||
| m | Специф. данные | входит в Scopus; сборник трудов конференции | ||
| o | Прочие индексы | scopus 0.11 | ||
| x | ISSN | 1824-8039 | ||
| w | Контрольный № источника | 427c302de3ec48df950d4e82f8826b43 | ||
| g | Прочая информация | V. 501. - P. 205 | ||
| a | Заголовок основной записи | 39th International Cosmic Ray Conference (ICRC2025) - Cosmic-Ray Indirect | ||
| 901 | t | Тип документа | b | |
| 952 | c | Вид литературы | материалы конференции |